Fr. Conceicao Rodrigues College of Engineering

Taxmanns financial management (Record no. 35981)

MARC details
000 -LEADER
fixed length control field 00272 a2200121 4500
000 - LEADER
fixed length control field nam a22 7a 4500
020 ## - INTERNATIONAL STANDARD BOOK NUMBER
International Standard Book Number 9789392211911
100 ## - MAIN ENTRY--PERSONAL NAME
Personal name Rustagi,R.P
9 (RLIN) 95
245 ## - TITLE STATEMENT
Title Taxmanns financial management
250 ## - EDITION STATEMENT
Edition statement 6
260 ## - PUBLICATION, DISTRIBUTION, ETC.
Name of publisher, distributor, etc. Taxmann
Date of publication, distribution, etc. 2022
264 ## - PRODUCTION, PUBLICATION, DISTRIBUTION, MANUFACTURE, AND COPYRIGHT NOTICE
Name of producer, publisher, distributor, manufacturer Taxmann

No items available.